| 000 | 00668nam a22002177a 4500 | ||
|---|---|---|---|
| 003 | 0 | ||
| 005 | 20250919150341.0 | ||
| 008 | 250919b xxu||||| |||| 00| 0 eng d | ||
| 020 | _a979-8-88836-718-6 | ||
| 050 |
_aQH 491 _b.P73 2025 |
||
| 100 |
_aPrady, Laila, _eauthor. |
||
| 245 |
_aDevelopmental biology : _ban introduction / _cLaila Prady. |
||
| 260 |
_aNew York, NY : _bLarsen and Keller Education, _c2025. |
||
| 300 |
_avii, 201 pages : _bcolored illustrations ; _c27 cm. |
||
| 504 | _aIncludes bibliographical references and index. | ||
| 650 | _aDevelopmental biology. | ||
| 650 | _aGrowth. | ||
| 650 | _aOntogeny. | ||
| 650 | _aBiology. | ||
| 942 |
_2lcc _cBK |
||
| 999 |
_c368044 _d368044 |
||